|
|
|
|
| LEADER |
01287nam a2200325 4500 |
| 001 |
on1120123827 |
| 003 |
OCoLC |
| 005 |
20200326101204.0 |
| 006 |
m o d |
| 007 |
cr cnu---unuuu |
| 008 |
190920s2019 enk o 000 0 eng d |
| 040 |
|
|
|a OPELS
|b eng
|e rda
|e pn
|c OPELS
|d OCLCF
|d GrThAP
|
| 020 |
|
|
|a 9780081029107
|q (print)
|
| 035 |
|
|
|a (OCoLC)1120123827
|
| 050 |
|
4 |
|a QD96.N8
|
| 082 |
0 |
4 |
|a 543/.66
|2 23
|
| 245 |
0 |
0 |
|a Annual reports on NMR spectroscopy.
|n Volume 98 /
|c edited by Graham A. Webb.
|
| 264 |
|
1 |
|a London, United Kingdom :
|b Academic Press,
|c 2019.
|
| 300 |
|
|
|a 1 online resource.
|
| 336 |
|
|
|a text
|b txt
|2 rdacontent
|
| 337 |
|
|
|a computer
|b c
|2 rdamedia
|
| 338 |
|
|
|a online resource
|b cr
|2 rdacarrier
|
| 490 |
1 |
|
|a Annual Reports on NMR Spectroscopy ;
|v volume 98
|
| 588 |
0 |
|
|a Online resource; title from PDF title page (ScienceDirect, viewed September 20, 2019).
|
| 650 |
|
0 |
|a Nuclear magnetic resonance spectroscopy.
|
| 650 |
|
7 |
|a Nuclear magnetic resonance spectroscopy.
|2 fast
|0 (OCoLC)fst01040333
|
| 655 |
|
4 |
|a Electronic books.
|
| 700 |
1 |
|
|a Webb, G. A.
|q (Graham Alan),
|d 1935-
|e editor.
|
| 830 |
|
0 |
|a Annual reports on NMR spectroscopy ;
|v v. 98.
|
| 856 |
4 |
0 |
|3 ScienceDirect
|u https://www.sciencedirect.com/science/bookseries/00664103/98
|z Full Text via HEAL-Link
|